000
00345nam a2200157Ia 4500
100
_a
Naidu/M.S/ Kamakshaiah S
650
_a
Electrical Engineering
942
_c
BK
366
_f
20
245
_a
Introduction to Electrical engineering
260
_b
McGraw Hill
_c
1995
082
_b
NAI
300
_a
741
546
_a
ENGLISH
999
_c
27551
_d
27551